| 000 | 00754nam a2200241 a 4500 | ||
|---|---|---|---|
| 001 | |||
| 003 | DO-SdBNP | ||
| 005 | 20240912125049.0 | ||
| 008 | 091001s2018 sp a r 000 0 spa d | ||
| 020 | _a9788491053699 | ||
| 040 |
_aDO-SdBNP _bspa _cBPMSU |
||
| 082 | 4 |
_aM861.39 _bC957s 2018 _222 |
|
| 100 | 1 |
_aJuana Inés de, _d1648-1695. _cSor |
|
| 245 | 1 | 0 |
_aEcos de mi pluma : _bantología en prosa y verso / _cSor Juana Inés de la Cruz |
| 260 |
_aMéxico : _bPeguin Rondom House Grupo editorial _c2018 |
||
| 300 |
_a118 p. : _bil. ; _c23 cm. |
||
| 490 | 0 |
_aPenguin clásicos _a |
|
| 590 | _aInventariado, 2024/VM | ||
| 650 | 4 | _aPoesía mexicana | |
| 650 | 4 | _aLiteratura mexicana | |
| 910 | _aVMateo V. Control de calidad. BPMSU | ||
| 942 |
_2ddc _cBK |
||
| 999 |
_c14811 _d14811 |
||